| 000 | 00597nam a22001817a 4500 | ||
|---|---|---|---|
| 005 | 20250416125624.0 | ||
| 008 | 250416b |||||||| |||| 00| 0 eng d | ||
| 020 | _a9789354352690 | ||
| 041 | _aeng | ||
| 082 | _a658.408 PII | ||
| 100 | _aPiispanen, Ville-Veikko | ||
| 245 | _aCase Studies on Perspectives on Entrepreneurship and Sustainability | ||
| 260 |
_aNew Delhi _bBloomsbury Academic India _c2021 |
||
| 300 | _a276;. pages: 25 cm | ||
| 650 | _aEntrepreneurship; Sustainable Development; Organizational Change-Management | ||
| 700 | _aDey, Ajoy Kumar and Mishra, Shreya | ||
| 942 | _cBK | ||
| 999 |
_c43622 _d43622 |
||